| 000 | 00521nam a2200181 a 4500 | ||
|---|---|---|---|
| 001 | 000040144 | ||
| 005 | 20201002033938.0 | ||
| 008 | 130808s1997 mx 000 0 spa d | ||
| 020 | _a9682900658 | ||
| 040 |
_aDO-SdBNP _bspa _cBNPHU |
||
| 082 | _axxx | ||
| 100 | 1 |
_aGelman, Juan, _d1930- _966416 |
|
| 245 | 1 | 0 |
_aIncompletamente / _cJuan Gelman. |
| 260 |
_aMéxico, : _bConsejo Nacional para la Cultura y las Artes, _c1997. |
||
| 300 |
_a77 p. ; _c21 cm. |
||
| 490 | 1 | _aPráctica mortal | |
| 830 | 0 |
_aPráctica mortal _914623 |
|
| 999 |
_c39634 _d39634 |
||